00537nam a2200133 a 4500008004100000050002100041110004600062245006600108260005600174300002900230650004600259650005200305650004600357180906s9999 ||||||||||||||||| || u aZWMA(05)NL/2017A aZambia Weights and Measures Agency (ZWMA)10aZWMA Newslettercby Zambia Weights and Measures Agency [ZWMA] aLusakabZambia Weights and Measures Agency (ZWMA)c a27 pages : illustrations aWEIGHTS AND MEASURES--ZAMBIA--PERIODICALS aZAMBIA WEIGHTS AND MEASURES AGENCY--PERIODICALS aZAMBIA WEIGHTS AND MEASURES AGENCY (ZWMA)